La reestructuracion de las escuelas: (Record no. 69568)

MARC details
000 -LEADER
campo de control de longitud fija 01628cam a2200433Ka 4500
001 - NÚMERO DE CONTROL
campo de control 94958
005 - FECHA Y HORA DE LA ÚLTIMA TRANSACCIÓN
campo de control 20230410124021.0
008 - DATOS DE LONGITUD FIJA--INFORMACIÓN GENERAL
campo de control de longitud fija 061212s2004 sp 000 0 spa d
035 ## - NÚMERO DE CONTROL DEL SISTEMA
Número de control de sistema (OCoLC)ocm76955711
040 ## - FUENTE DE CATALOGACIÓN
Centro catalogador/agencia de origen FNN
Centro/agencia transcriptor FNN
Centro/agencia modificador BAKER
-- BTCTA
-- YDXCP
020 ## - NÚMERO INTERNACIONAL ESTÁNDAR DEL LIBRO
Número Internacional Estándar del Libro 8446012537
020 ## - NÚMERO INTERNACIONAL ESTÁNDAR DEL LIBRO
Número Internacional Estándar del Libro 9788446012535
035 ## - NÚMERO DE CONTROL DEL SISTEMA
Número de control de sistema (OCoLC)76955711
041 1# - CÓDIGO DE IDIOMA
Código de lengua del texto/banda sonora o título independiente sp
050 14 - SIGNATURA TOPOGRÁFICA DE LA BIBLIOTECA DEL CONGRESO
Número de clasificación LB 2900
Número de ítem W896r 2004
049 ## - FONDOS LOCALES (OCLC)
Biblioteca depositaria GRAL
100 1# - ENTRADA PRINCIPAL--NOMBRE DE PERSONA
Nombre de persona Woods, Peter.
245 03 - MENCIÓN DEL TÍTULO
Título La reestructuracion de las escuelas:
Resto del título la respuesta de la escuela primaria al cambio social /
Mención de responsabilidad, etc. Peter Woods.
246 30 - FORMA VARIANTE DEL TITULO
Título propio/Titulo breve Respuesta de la escuela primaria al cambio social
260 ## - PUBLICACIÓN, DISTRIBUCIÓN, ETC.
Lugar de publicación, distribución, etc. Madrid:
Nombre del editor, distribuidor, etc. Ediciones Akal,
Fecha de publicación, distribución, etc. 2004.
300 ## - DESCRIPCIÓN FÍSICA
Extensión 223 p. :
Otras características físicas ill. ;
Dimensiones 24 cm.
500 ## - NOTA GENERAL
Nota general Translation of: Restructuring schools, reconstructing teachers
650 #0 - PUNTO DE ACCESO ADICIONAL DE MATERIA--TÉRMINO DE MATERIA
Término de materia o nombre geográfico como elemento de entrada Elementary school teachers
Subdivisión geográfica Great Britain
Subdivisión de forma Case studies.
650 #0 - PUNTO DE ACCESO ADICIONAL DE MATERIA--TÉRMINO DE MATERIA
Término de materia o nombre geográfico como elemento de entrada School management and organization
Subdivisión geográfica Great Britain
Subdivisión de forma Case studies.
650 #0 - PUNTO DE ACCESO ADICIONAL DE MATERIA--TÉRMINO DE MATERIA
Término de materia o nombre geográfico como elemento de entrada Educational change
Subdivisión geográfica Great Britain
Subdivisión de forma Case studies.
650 #4 - PUNTO DE ACCESO ADICIONAL DE MATERIA--TÉRMINO DE MATERIA
Término de materia o nombre geográfico como elemento de entrada Maestros de escuela primaria
Subdivisión geográfica Gran Bretaña
Subdivisión de forma Caso de estudio
650 #4 - PUNTO DE ACCESO ADICIONAL DE MATERIA--TÉRMINO DE MATERIA
Término de materia o nombre geográfico como elemento de entrada Gestión escolar y la organización
Subdivisión geográfica Gran Bretaña
Subdivisión de forma Caso de estudio
650 #4 - PUNTO DE ACCESO ADICIONAL DE MATERIA--TÉRMINO DE MATERIA
Término de materia o nombre geográfico como elemento de entrada Cambio educativo
Subdivisión geográfica Gran Bretaña
Subdivisión de forma Caso de estudio
700 1# - ENTRADA AGREGADA--NOMBRE PERSONAL
Nombre de persona Manzano Bernardez, Pablo tr.
700 1# - ENTRADA AGREGADA--NOMBRE PERSONAL
Nombre de persona Jeffrey, Bob.
700 1# - ENTRADA AGREGADA--NOMBRE PERSONAL
Nombre de persona Troman, Geoff.
700 1# - ENTRADA AGREGADA--NOMBRE PERSONAL
Nombre de persona Boyle, Mari.
938 ## -
-- Baker and Taylor
-- BTCP
-- BK0006806104
938 ## -
-- YBP Library Services
-- YANK
-- 2658588
938 ## -
-- Baker & Taylor
-- BKTY
-- 70.95
-- 70.95
-- 8446012537
-- 0006806104
-- active
942 ## - ELEMENTOS DE ENTRADA SECUNDARIOS (KOHA)
Fuente del sistema de clasificación o colocación Clasificación de Library of Congress
Tipo de ítem Koha
946 ## - PROCESAMIENTO DE INFORMACIÓN LOCAL (OCLC)
a sadt
994 ## -
-- C0
-- DRFGD
Holdings
Estatus retirado Estado de pérdida Fuente del sistema de clasificación o colocación Estado de daño No para préstamo Colección Biblioteca de origen Biblioteca actual Ubicación en estantería Fecha de adquisición Serial enumeration / chronology Signatura topográfica completa Código de barras Visto por última vez Copia número Tipo de ítem Koha
    Clasificación de Library of Congress     Humanidades Biblioteca Juan Bosch Biblioteca Juan Bosch Humanidades (4to. Piso) 10/04/2023 1 LB 2900 W896r 2004 00000081276 25/10/2018 1